| 000 | 00759 a2200193 4500 | ||
|---|---|---|---|
| 005 | 20240802144535.0 | ||
| 010 | _aB-758948 | ||
| 020 |
_a9789384342210 _c350.00 |
||
| 035 | _aB-758948 | ||
| 037 | _bउपहार | ||
| 082 | _aक | ||
| 100 |
_aप्रेमचंद _969325 |
||
| 245 |
_aरामलीला व अन्य कहानियाँ/ _cप्रेमचंद |
||
| 260 |
_aदिल्ली _bगुंजन प्रकाशन _c2022 |
||
| 270 |
_a77/1 ईस्ट आजाद नगर _bदिल्ली _e110051 |
||
| 300 |
_a95 पृष्ठ.; _c22cm. (साजिल्द) |
||
| 942 |
_adpl _cCH _2ddc _hक _mप्रेमचं |
||
| 999 |
_c202678 _d202678 |
||